| 000 | 00469nam a22001697a 4500 | ||
|---|---|---|---|
| 005 | 20251108165527.0 | ||
| 008 | 250721s1986 xx 000 0 ara d | ||
| 082 | 1 | 4 | _aم/220.03/معج |
| 245 | 1 | 0 | _aمعجم اللاهوت الكتابي / |
| 264 | 1 |
_aبيروت : _bدار المشرق ش م م، _c1986. |
|
| 300 | _a944ص | ||
| 650 | 1 | 7 | _aالتوراه |
| 650 | 1 | 7 | _aالكتب المقدسة |
| 650 | 1 | 7 | _aالمعاجم |
| 942 |
_2ddc _cREF |
||
| 999 |
_c30015 _d30015 |
||